| 000 | 00695nam a2200181 u 4500 | ||
|---|---|---|---|
| 001 | 000230102 | ||
| 003 | AM-YeHGA | ||
| 005 | 20250618071549.0 | ||
| 008 | 030530s1945 ai r 000 0 arm d | ||
| 040 | _aAM-YeHGA | ||
| 100 | 1 |
_aԱղաբաբ, Հակոբ Բեժանի, _d1875-1926 _989 |
|
| 245 | 1 | 0 |
_aՄանուկների հետ : _b[Բանաստեղծություններ] / _cՀ. Աղաբաբ; Գ. Բրուտյան. |
| 260 |
_aԵրևան : _bՀայպետհրատ, _c1945. |
||
| 300 |
_a48 էջ : _bնկ. ; _c28 սմ. |
||
| 650 | 1 | 4 |
_aՀայ մանկական գրականություն _xՊոեզիա |
| 700 | 1 |
_aԲրուտյան, Գևորգ Արշակի, _d1888-1952 _eնկ. _4art |
|
| 090 | _c82335 | ||
| 999 |
_c81067 _d81067 |
||